Energy-Efficient Building Systems : (Record no. 11772)
[ view plain ]
| 000 -LEADER | |
|---|---|
| fixed length control field | 02901cam a2200337 a 4500 |
| 001 - CONTROL NUMBER | |
| control field | 14595824 |
| 005 - DATE AND TIME OF LATEST TRANSACTION | |
| control field | 20080207113946.0 |
| 008 - FIXED-LENGTH DATA ELEMENTS--GENERAL INFORMATION | |
| fixed length control field | 061016s2007 nyua b 001 0 eng |
| 010 ## - LIBRARY OF CONGRESS CONTROL NUMBER | |
| LC control number | 2006033794 |
| 015 ## - NATIONAL BIBLIOGRAPHY NUMBER | |
| National bibliography number | GBA707911 |
| Source | bnb |
| 016 7# - NATIONAL BIBLIOGRAPHIC AGENCY CONTROL NUMBER | |
| Record control number | 013655391 |
| Source | Uk |
| 020 ## - INTERNATIONAL STANDARD BOOK NUMBER | |
| International Standard Book Number | 0071482822 (alk. paper) |
| 020 ## - INTERNATIONAL STANDARD BOOK NUMBER | |
| International Standard Book Number | 9780071482820 (alk. paper) |
| 035 ## - SYSTEM CONTROL NUMBER | |
| System control number | (OCoLC)ocm74029209 |
| 040 ## - CATALOGING SOURCE | |
| Original cataloging agency | DLC |
| Transcribing agency | DLC |
| Modifying agency | BAKER |
| -- | C#P |
| -- | CVM |
| -- | IXA |
| -- | UKM |
| -- | DLC |
| 050 00 - LIBRARY OF CONGRESS CALL NUMBER | |
| Classification number | TJ163.5.B84 |
| Item number | J39 2007 |
| 082 00 - DEWEY DECIMAL CLASSIFICATION NUMBER | |
| Classification number | 697 |
| Edition number | 22 |
| Item number | JAY |
| 100 1# - MAIN ENTRY--PERSONAL NAME | |
| Personal name | Jayamaha, Lal. |
| 9 (RLIN) | 5925 |
| 245 10 - TITLE STATEMENT | |
| Title | Energy-Efficient Building Systems : |
| Remainder of title | Green Strategies for Operation and Maintenance / |
| Statement of responsibility, etc | Lal Jayamaha. |
| 260 ## - PUBLICATION, DISTRIBUTION, ETC. (IMPRINT) | |
| Place of publication, distribution, etc | New York : |
| Name of publisher, distributor, etc | McGraw-Hill, |
| Date of publication, distribution, etc | c2007. |
| 300 ## - PHYSICAL DESCRIPTION | |
| Extent | xvii, 288 p. : |
| Other physical details | ill. ; |
| Dimensions | 24 cm. |
| 504 ## - BIBLIOGRAPHY, ETC. NOTE | |
| Bibliography, etc | Includes bibliographical references (p. 259-260) and index. |
| 505 0# - FORMATTED CONTENTS NOTE | |
| Formatted contents note | Energy Management & Energy Auditing -- Energy Management -- Energy Audits -- Case Study -- Air-Conditioning and Central Chiller Systems -- Chillers -- Energy Saving Measures for Chiller Systems -- Boilers and Heating Systems -- Energy Saving Measures for Boiler Systems -- Ideal Boiler Systems -- Heat Recovery Systems -- Hydronic Heating Systems -- Pumping Systems -- Distribution Systems -- System and Pump Curves -- Affinity Laws -- Energy Saving Measures for Pumpling Systems -- Cooling Towers -- Energy Saving Measures for Cooling Towers -- Air Handling & Distribution Systems -- System Losses -- System Curves and Fan Performance -- Affinity Laws -- Energy Saving Measures for Air Handling and Distribution Systems -- Lighting Systems -- Definitions -- Types of Lamps -- Lighting Levels -- Lighting Power Density -- Common Energy Saving Measures -- Building Electrical Systems -- Efficiency of Motors -- Variable Speed Drives -- Power Optimizing Devices -- Transformer Losses -- Elevators -- Maximum demand Reduction -- Power Factor Correction -- Equipment Stand-by Losses -- Building Automation Systems -- Scheduling -- Equipment Interlocks -- Demand Limiting -- Duty Cycling -- Trend Logging -- Alarms -- Building Envelope -- Envelope Heat Transfer -- Walls and Roofs -- Windows -- Air Leakage -- Overall Thermal Transfer Value (OTTV) -- Estimation of Building Energy Performance |
| 650 #0 - SUBJECT ADDED ENTRY--TOPICAL TERM | |
| Topical term or geographic name as entry element | Buildings |
| General subdivision | Energy conservation. |
| 9 (RLIN) | 5926 |
| 856 42 - ELECTRONIC LOCATION AND ACCESS | |
| Materials specified | Contributor biographical information |
| Uniform Resource Identifier | <a href="http://www.loc.gov/catdir/enhancements/fy0702/2006033794-b.html">http://www.loc.gov/catdir/enhancements/fy0702/2006033794-b.html</a> |
| 856 42 - ELECTRONIC LOCATION AND ACCESS | |
| Materials specified | Publisher description |
| Uniform Resource Identifier | <a href="http://www.loc.gov/catdir/enhancements/fy0702/2006033794-d.html">http://www.loc.gov/catdir/enhancements/fy0702/2006033794-d.html</a> |
| 856 41 - ELECTRONIC LOCATION AND ACCESS | |
| Materials specified | Table of contents only |
| Uniform Resource Identifier | <a href="http://www.loc.gov/catdir/enhancements/fy0702/2006033794-t.html">http://www.loc.gov/catdir/enhancements/fy0702/2006033794-t.html</a> |
| 942 ## - ADDED ENTRY ELEMENTS (KOHA) | |
| Source of classification or shelving scheme | Dewey Decimal Classification |
| Item type | Book - Borrowing |
| Withdrawn status | Item status | Source of classification or shelving scheme | Damaged status | Not for loan | Vendor | Home library | Current library | Shelving location | Date acquired | Source of acquisition | Cost, normal purchase price | Serial Enumeration / chronology | Total Checkouts | Total Renewals | Full call number | Barcode | Date last seen | Date last borrowed | Koha item type |
|---|---|---|---|---|---|---|---|---|---|---|---|---|---|---|---|---|---|---|---|
| Dewey Decimal Classification | Alahram | Central Library | Central Library | First floor | 08/06/2009 | 441.00 | 358 | 2 | 46 | 697 JAY | 000016752 | 15/07/2025 | 01/10/2018 | Book - Borrowing |